| 000 | 02004cam a2200529 a 4500 | ||
|---|---|---|---|
| 001 | data | ||
| 005 | 20260322212104.0 | ||
| 008 | data | ||
| 035 | _a4833338 | ||
| 906 |
_a7 _bcbc _corignew _d1 _eocip _f19 _gy-gencatlg |
||
| 010 | _a 90010972 | ||
| 020 |
_a0865773076 _qv. 1 |
||
| 020 |
_a0865773084 _qv. 2 |
||
| 020 |
_a3137324017 _qStuttgart : v. 1 |
||
| 020 |
_a3137388015 _qStuttgart : v. 2 |
||
| 020 |
_a9780865773073 _q(v. 1) |
||
| 020 |
_a9780865773080 _q(v. 2) |
||
| 020 |
_a9783137324010 _q(Stuttgart : v. 1) |
||
| 020 |
_a9783137388012 _q(Stuttgart : v. 2) |
||
| 035 | _9(DLC) 90010972 | ||
| 040 |
_aDNLM/DLC _cDLC _dDLC |
||
| 041 | 1 |
_aeng _hger |
|
| 050 | 0 | 0 |
_aQM23.2 _b.F7513 1990 |
| 060 | _aQS 4 F897a | ||
| 082 | 0 | 0 |
_a611 _220 |
| 100 | 1 |
_aFrick, Hans, _cProf. Dr. med. |
|
| 240 | 1 | 0 |
_aAllgemeine Anatomie, spezielle Anatomie. _lEnglish |
| 245 | 1 | 0 |
_aHuman anatomy / _cH. Frick, H. Leonhardt, D. Starck ; translated by David B. Meyer. |
| 260 |
_aNew York : _aNew York : _bThieme Medical Publishers, _aNew York : _bThieme Medical Publishers, _c1991. |
||
| 300 |
_a2 v. : _bill. (some col.) ; _c19 cm. |
||
| 336 |
_atext _btxt _2rdacontent |
||
| 337 |
_aunmediated _bn _2rdamedia |
||
| 338 |
_avolume _bnc _2rdacarrier |
||
| 490 | 0 | _aThieme flexibook | |
| 500 | _aTranslation of: Allgemeine Anatomie, spezielle Anatomie. 3., überarbeitete Aufl. 1987. | ||
| 500 | _aErrata slip inserted in v. 2. | ||
| 500 | _aIncludes indexes. | ||
| 505 | 0 | _a1. General anatomy, special anatomy--limbs, trunk wall, head, and neck -- 2. Special anatomy--viscera and nervous system, classification of muscles and vessels, organization of lymphatics and nerves. | |
| 650 | 0 | _aHuman anatomy. | |
| 650 | 2 | _aAnatomy. | |
| 650 | 2 | _aAnatomy, Regional. | |
| 700 | 1 | _aLeonhardt, Helmut. | |
| 700 | 1 |
_aStarck, Dietrich, _d1908- |
|
| 991 |
_bc-GenColl _hQM23.2 _i.F7513 1990 _tCopy 1 _wBOOKS |
||
| 999 |
_c1525 _d1525 |
||